[Event "Utrecht OKU op 38th"]
[Site "Utrecht"]
[Date "2011.06.04"]
[Round "4"]
[White "Korecki, Lukasz"]
[Black "Lombaers, Peter"]
[Result "0-1"]
[WhiteElo "2120"]
[BlackElo "2065"]
[PlyCount "86"]
[EventDate "2011.06.03"]
[EventType "swiss"]
[EventRounds "6"]
[EventCountry "NED"]
[SourceTitle "CBM 142 Extra"]
[Source "ChessBase"]
[SourceDate "2011.06.27"]
[SourceVersion "1"]
[SourceVersionDate "2011.06.27"]
[SourceQuality "1"]

1. d4 Nf6 2. Bf4 g6 3. e3 Bg7 4. Nf3 0-0 5. h3 d6 6. Be2 Nc6 7. 0-0 Qe8 8. Bh2 e5 9. dxe5 Nxe5 10. c3 Qe7 11. Nbd2 a5 12. Bb5 Nfd7 13. Re1 a4 14. Nxe5 dxe5 15. Bxa4 Nc5 16. Bc2 b5 17. Ne4 Na4 18. Bxa4 bxa4 19. b4 axb3 20. axb3 Bb7 21. Qc2 f5 22. Rxa8 Rxa8 23. Ng3 h5 24. f3 e4 25. f4 Qc5 26. c4 Rd8 27. Nf1 Rd3 28. Kh1 Qd6 29. Rb1 Rc3 30. Qe2 Qd3 31. Qe1 Rxb3 32. Rxb3 Qxb3 33. Nd2 Qc2 34. Nb1 Qxc4 35. Bg3 c5 36. Kh2 Bd5 37. Bh4 Kh7 38. Bd8 Qd3 39. Ba5 Bf6 40. h4 Bc4 41. Nc3 Qf1 42. Qxf1 Bxf1 43. g3 Kg7 0-1

[Event "POL-chT2 U18"]
[Site "Augustow"]
[Date "1996.??.??"]
[Round "?"]
[White "Bachan, Daniel"]
[Black "Korecki, Lukasz"]
[Result "0-1"]
[WhiteElo "1835"]
[BlackElo "2125"]
[PlyCount "40"]
[EventDate "1996.??.??"]
[EventType "team"]
[EventRounds "10"]
[EventCountry "POL"]
[SourceTitle "EXT 2003"]
[Source "ChessBase"]
[SourceDate "2002.11.25"]
[SourceVersion "1"]
[SourceVersionDate "2002.11.25"]
[SourceQuality "1"]

1. e4 e6 2. d4 d5 3. exd5 exd5 4. Bd3 Bd6 5. Nf3 Ne7 6. 0-0 c6 7. Bg5 f6 8. Bh4 Bg4 9. Nbd2 Qc7 10. c3 Bxh2+ 11. Kh1 Bd6 12. Qe1 Nd7 13. Be2 0-0 14. Ng1 Bxe2 15. Nxe2 Rae8 16. f3 Nf5 17. Bf2 Re7 18. g4 Nh6 19. Qd1 Nf7 20. Ng1 h5 0-1

[Event "POL-chT U18"]
[Site "Poland"]
[Date "1996.??.??"]
[Round "?"]
[White "Korecki, Lukasz"]
[Black "Pikulinski, Andrzej"]
[Result "1/2-1/2"]
[WhiteElo "2125"]
[BlackElo "2215"]
[PlyCount "29"]
[EventDate "1996.??.??"]
[EventType "team"]
[EventRounds "11"]
[EventCountry "POL"]
[SourceTitle "EXT 1999"]
[Source "ChessBase"]
[SourceDate "1998.11.16"]
[SourceVersion "1"]
[SourceVersionDate "1998.11.16"]
[SourceQuality "1"]

1. d4 Nf6 2. Nf3 e6 3. c4 Be7 4. Nc3 d5 5. cxd5 exd5 6. Bg5 0-0 7. Qc2 h6 8. Bh4 b6 9. e3 Bb7 10. Bd3 Nbd7 11. 0-0 c5 12. Rac1 Rc8 13. Qe2 Ne4 14. Bxe7 Qxe7 15. Ba6 1/2-1/2

[Event "POL-chT2 U18"]
[Site "Augustow"]
[Date "1996.??.??"]
[Round "?"]
[White "Szczecina, Michal"]
[Black "Korecki, Lukasz"]
[Result "1/2-1/2"]
[WhiteElo "2085"]
[BlackElo "2125"]
[PlyCount "59"]
[EventDate "1996.??.??"]
[EventType "team"]
[EventRounds "10"]
[EventCountry "POL"]
[SourceTitle "EXT 2003"]
[Source "ChessBase"]
[SourceDate "2002.11.25"]
[SourceVersion "1"]
[SourceVersionDate "2002.11.25"]
[SourceQuality "1"]

1. c4 e5 2. Nc3 Bb4 3. g3 Bxc3 4. dxc3 d6 5. Bg2 Nc6 6. Nf3 Nf6 7. 0-0 0-0 8. b3 h6 9. Qc2 Qe7 10. e4 Be6 11. Nh4 Qe8 12. f4 Nh7 13. f5 Bd7 14. Qe2 Qe7 15. Bh3 Nf6 16. Nf3 Nh7 17. Nh4 Nf6 18. Ng2 g5 19. Bg4 Nxg4 20. Qxg4 f6 21. h4 Qg7 22. hxg5 hxg5 23. Ne3 Nd8 24. Kg2 Bc6 25. Nd5 Bxd5 26. cxd5 Kf7 27. Be3 Ke7 28. Rh1 Nf7 29. Rh5 b6 30. Rah1 1/2-1/2